Glee - This Time Lyrics - Statistics

General Stats
  • This quiz has been taken 382 times
  • The average score is 200 of 370
Answer Stats
Answer % Correct
I
93%
I
93%
a
87%
a
87%
time
87%
time
87%
This
85%
this
85%
This
85%
the
78%
the
78%
go
69%
you
69%
no
67%
No
67%
and
66%
And
66%
and
66%
on
65%
on
65%
me,
64%
me
64%
we
64%
we
64%
it
61%
of
60%
all
59%
all
59%
in
59%
will
59%
will
59%
heart
58%
to
58%
know
57%
know,
57%
know
57%
for
56%
For
56%
mine
56%
say
56%
ever
55%
that
55%
that
55%
my
53%
never
53%
never
53%
so
53%
These
53%
these
53%
goodbye
52%
am
51%
gonna
51%
It's
51%
it's
51%
they
51%
They
51%
walls
51%
what
51%
what
51%
keep
49%
picture
49%
I'll
48%
can
47%
Every
47%
every
47%
frames
47%
halls
47%
hold
47%
I've
47%
I've
47%
I'm
46%
times
46%
was
46%
was
46%
had
45%
is
45%
who
45%
over
44%
over
44%
see
44%
see
44%
thousand
44%
forever
43%
Forever
43%
friends
43%
how
43%
how
43%
look
43%
name
43%
one's
43%
show
43%
walked
43%
where
43%
Where
43%
at
42%
or
42%
or
42%
valentines
42%
everything
40%
not
40%
Heartbreaks
39%
matter
39%
grown
38%
carry
37%
just
37%
loved
36%
much
36%
own
36%
began
35%
make
35%
have
34%
afraid
33%
afraid
33%
hard
33%
then
33%
feel
32%
mirror
30%
clear
29%
different
29%
doesn't
29%
don't
29%
got
29%
Got
29%
letting
29%
moving
29%
now
29%
Your
29%
face
27%
looking
27%
looking
27%
think
27%
though
27%
won
27%
called
26%
far
26%
far
26%
part
26%
place
26%
When
26%
did
24%
'em
24%
myself
24%
right
24%
another
23%
come
23%
knew
23%
made
23%
old
23%
spotlight
23%
things
23%
wish
23%
familiar
22%
game
22%
More
22%
played
22%
take
22%
sung
21%
than
21%
from
20%
home
20%
lost
20%
out
20%
away
19%
battles
19%
shelf
19%
stopped
19%
trophies
19%
words
19%
believing
18%
close
18%
crossroads
18%
eyes
18%
might
18%
breath
17%
showed
16%
voice
16%
roll
8%
No matching quizzes found
Score Distribution
Percent of People with Each Score
Percentile by Number Answered
Your Score History
You have not taken this quiz